Le contrat économique international: stabilité et évolution
Gardado en:
| Formato: | Libro |
|---|---|
| Idioma: | francés |
| Publicado: |
Bruselas
Etablissements Bruylant
1975
|
| Series: | Bibliothèque de la Faculté de Droit de L'Université Catholique de Louvain, 9
|
| Subjects: | |
| Tags: |
Engadir etiqueta
Sen Etiquetas, Sexa o primeiro en etiquetar este rexistro!
|
MARC
| LEADER | 00000nam a2200000 a 4500 | ||
|---|---|---|---|
| 001 | UCT8570 | ||
| 003 | CL-VaPUC | ||
| 005 | 20220907172618.0 | ||
| 008 | 970326e19750000be 1 fre d | ||
| 082 | 0 | 4 | |a 341.75 |b LEC |2 21 |
| 245 | 1 | 3 | |a Le contrat économique international: stabilité et évolution |
| 260 | |a Bruselas |b Etablissements Bruylant |c 1975 | ||
| 300 | |a 586 p | ||
| 490 | 0 | |a Bibliothèque de la Faculté de Droit de L'Université Catholique de Louvain, 9 | |
| 583 | |a last modification |c 19970326 00:00:00 |k Rodrigo Vera | ||
| 650 | 0 | 0 | |a Derecho económico internacional |9 256191 |
| 650 | 0 | 0 | |a Comercio exterior |9 257617 |
| 650 | 0 | 0 | |a Contratos |9 255153 |
| 650 | 0 | 0 | |a Acuerdos |9 367387 |
| 650 | 0 | 7 | |a RELACIONES ECONOMICAS INTERNACIONALES |2 CL-VaPUC |9 315315 |
| 942 | |c BK | ||
| 945 | |a paguirre |d 19970326 00:00:00 | ||
| 546 | |a En Francés | ||
| 536 | |a Centre Charles De Visscher pour le Droit International | ||
| 518 | |p Journées d'Etudes Juridiques Jean Dabin, 7, Lovaina, 22 y 23 de Noviembre de 1973 | ||
| 999 | |c 382844 |d 382842 | ||
| 952 | |0 0 |1 0 |4 0 |6 341_750000000000000_LEC_1975 |7 0 |8 A |9 504739 |a BIBDER |b BIBDER |d 2020-01-23 |i 181317K |o 341.75 LEC 1975 |p 181317K |r 2023-01-25 |w 2020-01-23 |y BK |k DER | ||